Groups in context:leadership and participation in small groups /
Saved in:
| Main Authors: | , |
|---|---|
| Format: | Book |
| Language: | English |
| Published: |
New York :
McGraw-Hill,
1990
|
| Edition: | 2.vyd. |
| Tags: |
No Tags, Be the first to tag this record!
|
MARC
| LEADER | 00000nam a22000003a 4500 | ||
|---|---|---|---|
| 001 | stu27273 | ||
| 005 | 20150617225739.9 | ||
| 008 | 940118s1990----xxu-----------------eng-d | ||
| 020 | |a 0-07-557314-8 | ||
| 040 | |a STU |b slo | ||
| 041 | 0 | |a eng | |
| 044 | |a xxu | ||
| 080 | |a 302.3 |7 stu_us_auth*stu3767 | ||
| 100 | 1 | |a Hanna, Michael S |4 aut | |
| 245 | 1 | |a Groups in context:leadership and participation in small groups / |c [aut]Wilson,Gerald L.;Hanna,Michael S | |
| 250 | |a 2.vyd. | ||
| 260 | |a New York : |b McGraw-Hill, |c 1990 | ||
| 300 | |a 18,364 s | ||
| 700 | 1 | |a Wilson, Gerald L |4 aut | |
| 996 | |b 284V027633 |c V*41978/O-17898 |l VVT |s A |a 24 |w stu27273_0001 | ||